Statistics for US states of the most similar size

Click here to take the quiz!

General Stats

  • This quiz has been taken 16 times
  • The average score is 8 of 10

Answer Stats

HintAnswer% Correct
OregonWyoming
87%
TexasCalifornia
87%
DelawareRhode Island
87%
NebraskaSouth Dakota
80%
AlaskaTexas
80%
VermontNew Hampshire
80%
KentuckyTennessee
80%
IndianaMaine
67%
MinnesotaUtah
60%
HawaiiMassachusetts
53%

Score Distribution

Percentile by Number Answered

Percent of People with Each Score

Your Score History

You have not taken this quiz